| 000 | 00384nam a2200145Ia 4500 | ||
|---|---|---|---|
| 008 | 230917s9999||||xx |||||||||||||| ||und|| | ||
| 040 |
_e27794 _aMAIN |
||
| 041 | _aEnglish | ||
| 082 | _a660.6024574 R186I | ||
| 100 | _aRastogi, S C | ||
| 245 | 0 | _aImmunodiagnostics: Principles and practice | |
| 260 |
_aNew Delhi _bNew Age International _c1996 |
||
| 300 | _axii, 138 p. | ||
| 942 | _cBK | ||
| 999 |
_c98249 _d98249 |
||